Oklahoma Smokeshow-Zach Bryan (all lyrics) - Statistics

General Stats
  • This quiz has been taken 129 times
  • The average score is 183 of 256
Answer Stats
Answer % Correct
a
98%
I
98%
an
95%
to
95%
smokeshow
93%
smokeshow.
93%
back
91%
home
91%
oklahoma
91%
and
89%
You
89%
you
89%
on
88%
that
88%
That
88%
her
86%
the
86%
with
86%
he's
84%
hes
84%
me
84%
she
84%
She
84%
your
84%
all
82%
asshole
82%
from
82%
in
82%
out
82%
up
82%
up.
82%
know
80%
She's
80%
dress
79%
Go
79%
go,
79%
go
79%
here
79%
of
79%
like.
77%
like
77%
put
77%
so
77%
aint
75%
bad
75%
boys
75%
daddy
75%
pickup
75%
small
75%
town
75%
truck.
75%
truck
75%
for
73%
it
73%
ride
73%
tonight.
73%
tonight
73%
never
71%
make
70%
you're
70%
be
68%
blood
68%
blue
68%
dream
68%
got
68%
lookin
68%
nowhere
68%
them
68%
Them
68%
too
68%
alive.
66%
always
66%
angry
66%
night
66%
are
64%
drive.
64%
old
64%
tears.
64%
they're
64%
drunk
63%
puddle
63%
she'll
63%
wind
63%
bar
61%
but
61%
one
61%
big
59%
dreams
59%
gussied
59%
scene
57%
cause
55%
take
55%
you'll
55%
kill
54%
You've
54%
you've
54%
been
52%
I've
52%
about
50%
life
50%
smile.
50%
away
48%
came
48%
dreaming
48%
how
48%
is
48%
took
48%
where
48%
day
46%
he'd
46%
thinkin
46%
used
46%
world
46%
although,
45%
although
45%
around
45%
love
43%
play
43%
til
43%
vices
43%
was
43%
would
43%
yard
43%
god
39%
act
38%
child.
38%
damn
38%
I'll
38%
nose
38%
told
38%
his
36%
known
36%
much
36%
since
36%
swears
36%
whiskey
36%
coke,
34%
There's
32%
it'll
30%
godsend.
29%
bend
27%
No matching quizzes found
Score Distribution
Percent of People with Each Score
Percentile by Number Answered
Your Score History
You have not taken this quiz